Resultados del Sistema General de Regalías a diciembre de 2017 / (Registro nro. 4219)

Detalles MARC
000 -LEADER
fixed length control field 00851nam a2200217Ia 4500
003 - CONTROL NUMBER IDENTIFIER
control field OSt
005 - DATE AND TIME OF LATEST TRANSACTION
control field 20200902202945.0
008 - FIXED-LENGTH DATA ELEMENTS--GENERAL INFORMATION
fixed length control field 191128s2017 ck ad fr 000 0 spa d
040 ## - CATALOGING SOURCE
Original cataloging agency CO-JMCR
Transcribing agency CO-JMCR
041 0# - LANGUAGE CODE
Language code of text/sound track or separate title spa
082 04 - DEWEY DECIMAL CLASSIFICATION NUMBER
Classification number 352.44 /
Item number C764r
Edition number 23
110 1# - MAIN ENTRY--CORPORATE NAME
Corporate name or jurisdiction name as entry element Colombia.
Subordinate unit Contraloría General de la República
9 (RLIN) 6721
245 10 - TITLE STATEMENT
Title Resultados del Sistema General de Regalías a diciembre de 2017 /
Statement of responsibility, etc. Contraloría General de la República
260 ## - PUBLICATION, DISTRIBUTION, ETC.
Place of publication, distribution, etc. Bogotá :
Name of publisher, distributor, etc. Contraloría General de la República,
Date of publication, distribution, etc. 2017
300 ## - PHYSICAL DESCRIPTION
Extent 106 páginas :
Other physical details gráficas ;
Dimensions 28 cm.
505 0# - FORMATTED CONTENTS NOTE
Formatted contents note Informe de la Situación de las Finanzas del Estado en 2017
650 14 - SUBJECT ADDED ENTRY--TOPICAL TERM
Topical term or geographic name entry element Regalías
General subdivision informes
Chronological subdivision 2015
Geographic subdivision Colombia
9 (RLIN) 9671
650 14 - SUBJECT ADDED ENTRY--TOPICAL TERM
Topical term or geographic name entry element Legislación sobre regalías
Geographic subdivision Colombia
9 (RLIN) 9672
650 14 - SUBJECT ADDED ENTRY--TOPICAL TERM
Topical term or geographic name entry element Gastos públicos
General subdivision informes
Chronological subdivision 2015
Geographic subdivision Colombia
9 (RLIN) 9673
942 ## - ADDED ENTRY ELEMENTS (KOHA)
Source of classification or shelving scheme Dewey Decimal Classification
Koha item type Books
Existencias
Withdrawn status Lost status Source of classification or shelving scheme Damaged status Not for loan Collection code Home library Current library Date acquired Source of acquisition Full call number Barcode Date last seen Copy number Koha item type
    Dewey Decimal Classification     Non-fiction Biblioteca Pública José María del Castillo y Rada Biblioteca Pública José María del Castillo y Rada 09/03/2018 Donación 352.44 / C764r 201809049 05/16/2024 Ej.1 Books